MARC

LEADER 00000nam0a2200000 4500
001 14230
005 20231101204933.0
010 |a 5774901270 
035 |a (RuTPU)RU\TPU\book\14321 
035 |a BOOK00014389 
090 |a 14230 
100 |a 20011209d1999 m y0rusy50 ca 
101 0 |a rus 
102 |a RU 
105 |a y j 000zy 
200 1 |a Преступления в сфере экономики  |e учебное пособие  |f В. П. Верин 
210 |a Москва  |c Дело  |d 1999 
215 |a 199 с. 
225 1 |a Российское право: теория и практика 
606 1 |a Уголовное право   |x Особенная часть  |2 stltpush  |3 (RuTPU)RU\TPU\subj\62452  |9 79528 
610 1 |a право 
610 1 |a уголовное право 
610 1 |a экономика 
610 1 |a экономические преступления 
610 1 |a учебные пособия 
686 |a Х628.111.6  |v LBC/SL-A  |2 rubbk 
700 1 |a Верин  |b В. П.  |g Валерий Петрович 
801 0 |a RU  |b 63413507  |c 20011209  |g PSBO 
801 2 |a RU  |b 63413507  |c 20180910  |g PSBO 
942 |c BK